Guía para la conformación, enriquecimiento, manejo y aprovechamiento sostenible del bosque protector productor / (Registro nro. 5477)

Detalles MARC
000 -CABECERA
Campo de control 01379cam a2200325 a 4500
005 - FECHA Y HORA DE LA ULTIMA TRANSACCION
Campo de control 20160227134926.0
008 - ELEMENTOS DE LONGITUD FIJA—INFORMACION GENERAL
Campo de control 050409s2004 ck a r 00010 spa d
020 ## - ISBN
ISBN 9586981592
040 ## - FUENTE DE CATALOGACIÓN
Agencia catalogadora original la
Agencia transcriptora la
Agencia Modificadora CO-BoIAVH
041 0# - IDIOMA
Código de idioma para texto/pista de sonido o título separado Español
044 ## - PAÍS DE PUBLICACIÓN
País de publicación Colombia
082 04 - NUMERO DE CLASIFICACION DECIMAL DEWEY
Número de clasificación 634.9
Número del ítem L34g
100 1# - ASIENTO PRINCIPAL--NOMBRE PERSONAL
Nombre personal Leguízamo Barbosa, Alberto.
9 (RLIN) 62960
245 10 - MENCION DE TITULO
Título Guía para la conformación, enriquecimiento, manejo y aprovechamiento sostenible del bosque protector productor /
Mención de responsabilidad Alberto Leguízamo Barbosa ; ilustraciones Luis Aurelio Du.
250 ## - MENCION DE EDICION
Mención de edición Edición Luis Enrique Acero Duarte, Henry Yesid Bernal, Leonor Rodr�iguez Montenegro.
260 ## - PUBLICACION, DISTRIBUCION, ETC. (PIE DE IMPRENTA)
Lugar de publicación, distribución, etc. Bogotá :
Nombre del editor, distribuidor, etc. Convenio Andrés Bello,
Fecha de publicación, distribución, etc. 2004.
300 ## - DESCRIPCION FISICA
Extensión 96 páginas :
Otros detalles físicos Ilustraciones ;
Dimensiones 28 x 21 cm.
500 ## - NOTA GENERAL
Nota general Título tomado de la caratula.
500 ## - NOTA GENERAL
Nota general Incluye Glosario: páginas 90-91.
504 ## - NOTA DE BIBLIOGRAFIA, ETC.
Nota de bibliografía Incluye referencias bibliográficas: páginas 88-89.
650 14 - ASIENTO SECUNDARIO DE MATERIA - TERMINO TEMATICO
Término temático o nombre geográfico como elemento de entrada Bosques
Subdivisión de forma Guías.
9 (RLIN) 62967
650 1# - ASIENTO SECUNDARIO DE MATERIA - TERMINO TEMATICO
Término temático o nombre geográfico como elemento de entrada Agrosilvicultura
Subdivisión de forma Guías.
9 (RLIN) 62968
650 24 - ASIENTO SECUNDARIO DE MATERIA - TERMINO TEMATICO
Término temático o nombre geográfico como elemento de entrada Reforestación
Subdivisión de forma Guías.
9 (RLIN) 62969
650 26 - ASIENTO SECUNDARIO DE MATERIA - TERMINO TEMATICO
Término temático o nombre geográfico como elemento de entrada Productos forestales
Subdivisión de forma Guías.
9 (RLIN) 62970
700 1# - ASIENTO SECUNDARIO - NOMBRE PERSONAL
Nombre personal Durán Delgado, Luis Aurelio,
Fechas asociadas con el nombre 1967-,
Término de relación Ilustrador
9 (RLIN) 62971
700 1# - ASIENTO SECUNDARIO - NOMBRE PERSONAL
Nombre personal Acero Duarte, Luis Enrique,
Fechas asociadas con el nombre 1952-
Término de relación Editor
9 (RLIN) 62972
700 1# - ASIENTO SECUNDARIO - NOMBRE PERSONAL
Nombre personal Bernal, Henry Yesid,
Término de relación Editor
9 (RLIN) 2123
700 1# - ASIENTO SECUNDARIO - NOMBRE PERSONAL
Nombre personal Rodríguez Montenegro, Leonor,
Término de relación Editor
9 (RLIN) 18314
942 ## - ELEMENTOS ADICIONALES (KOHA)
Sistema de clasificación Dewey Decimal Classification
Tipo de ítem Libro
Existencias
Withdrawn status Lost status Sistema de Clasificación Damaged status No para préstamo Colección Inventariado Ubicación Permanente Ubicación actual Fecha de adquisición Total Checkouts Número topográfico Inventario / Código de Barras Date last seen Ejemplar Price effective from Forma de adquisición Tipo de material
    Dewey Decimal Classification     General Inventariado 2017 Bogotá Bogotá 27/04/2007   LB-634.9 L34g 023997 04/12/2012 Ej.1 04/12/2012 Canje Libro